| 000 | 00430nam a2200133Ia 4500 | ||
|---|---|---|---|
| 008 | 170516s9999 xx 000 0 und d | ||
| 245 | _aFolate-modified Chitosan Nanoparticles Containing the IP-10 Gene Enhance Melanoma-specific Cytotoxic CD8+CD28+ T Lymphocyte Responses | ||
| 260 | _bTheranostics | ||
| 260 | _c2016 | ||
| 300 | _a6:5 | ||
| 650 | _xMedical Technology | ||
| 650 | _xMedtech | ||
| 856 | _uhttp://www.thno.org/v6i5 | ||
| 999 |
_c330271 _d330271 |
||